000 00687nam a2200181Ia 4500
008 090123s9999 xx 000 0 und d
082 _b39222
100 _aकर्दळे आशा
245 _aविदेशातील ज्येष्ठ आणि श्रेष्ठ
250 _a0
260 _bपारस पब्लिकेशन्स
_c2006
300 _a256
600 _aकर्दळे आशा
630 _aविदेशातील ज्येष्ठ आणि श्रेष्ठ
700 _aकर्दळे आशा
730 _aविदेशातील ज्येष्ठ आणि श्रेष्ठ
942 _cBOOK
999 _c77284
_d77284